banner koha

Criação do sistema de preços para irrigação - SIPI (Registro n. 329215)

MARC details
000 -LÍDER
fixed length control field 00735nab a2200229 4500
003 - CÓDIGO MARC DA AGÊNCIA CATALOGADORA
Campo de controle BR-BrBNA
005 - DATA E HORA DA ÚLTIMA ATUALIZAÇÃO
Campo de controle 20241212171141.0
008 - CAMPO DE TAMANHO FIXO
fixed length control field 241212b bl.||||| |||| 00| 0 por d
040 ## - FONTE DA CATALOGAÇÃO
Agência catalogadora BR-BrBNA
Idioma da catalogação por
072 ## - CATEGORIA AGRIS
Código AGRIS F06 ; D10 ; N20
100 ## - ENTRADA PRINCIPAL - NOME PESSOAL
Nome pessoal Vieira, Rodrigo Franco
245 ## - TÍTULO PRINCIPAL
Título principal Criação do sistema de preços para irrigação - SIPI
500 ## - NOTA GERAL
Nota geral 1 illus.
942 ## - ADDED ENTRY ELEMENTS (KOHA)
Koha item type Analítica
650 ## - ASSUNTO - THESAGRO
Cabeçalho tópico ou nome geográfico PROJETO DE IRRIGAÇÃO
650 ## - ASSUNTO - THESAGRO
Cabeçalho tópico ou nome geográfico EQUIPAMENTO DE IRRIGAÇÃO
650 ## - ASSUNTO - THESAGRO
Cabeçalho tópico ou nome geográfico ADMINISTRAÇÃO PÚBLICA
650 ## - ASSUNTO - THESAGRO
Cabeçalho tópico ou nome geográfico LICITAÇÃO
650 ## - ASSUNTO - THESAGRO
Cabeçalho tópico ou nome geográfico FORMAÇÃO DE PREÇO
773 0# - ENTRADA ANALÍTICA
Host Biblionumber 4820
Registro do item 344749
Imprenta Votuporanga/SP IRRIGAZINE 2009
Outro identificador 2024-5079
Título Irrigazine (Brazil)
Colação v. 10(38) p. 23; (Sep 2014)
Número de controle de registro BR2024003921

Nenhum exemplar disponível.

BINAGRI

Telefone: (61)3218-2567/2388/3357/2097 - binagri@agro.gov.br

Ministério da Agricultura e Pecuária , Esplanada dos Ministérios, Bloco D, Anexo B, Brasília/DF, CEP: 70.043-900